ARRUPE JESUIT UNIVERSITY

CORONAVIRUS -STOP THE SPREAD - CLEAN,DISINFECT,COVER

Art education and human development: (Record no. 122677)

MARC details
000 -LEADER
fixed length control field 00677nam a22001697a 4500
008 - FIXED-LENGTH DATA ELEMENTS--GENERAL INFORMATION
fixed length control field 150416b xxu||||| |||| 00| 0 eng d
020 ## - INTERNATIONAL STANDARD BOOK NUMBER
International Standard Book Number 9780892361793
050 ## - LIBRARY OF CONGRESS CALL NUMBER
Classification number N350.G37 1990
100 ## - MAIN ENTRY--PERSONAL NAME
Personal name Gardner, Howard
9 (RLIN) 17220
245 ## - TITLE STATEMENT
Title Art education and human development:
Statement of responsibility, etc /by Howard Gardner
Remainder of title an essay commissioned by the J. Paul Getty Center for Education in the Arts
260 ## - PUBLICATION, DISTRIBUTION, ETC. (IMPRINT)
Place of publication, distribution, etc Los Angels
Name of publisher, distributor, etc Getty Publications
Date of publication, distribution, etc 1990
300 ## - PHYSICAL DESCRIPTION
Extent xiii, 63p. ;
Dimensions 27cm.
440 ## - SERIES STATEMENT/ADDED ENTRY--TITLE
Title Getty Center for Education in the Arts
Name of part/section of a work Occasional paper
9 (RLIN) 17340
Volume number/sequential designation vol. 3
650 ## - SUBJECT ADDED ENTRY--TOPICAL TERM
Topical term or geographic name as entry element Art
General subdivision Study and teaching (elementary)
9 (RLIN) 17221
650 ## - SUBJECT ADDED ENTRY--TOPICAL TERM
Topical term or geographic name as entry element Educational psychology
9 (RLIN) 17222
942 ## - ADDED ENTRY ELEMENTS (KOHA)
Source of classification or shelving scheme Library of Congress Classification
Item type Monograph ( Printed materials)
Holdings
Withdrawn status Lost status Source of classification or shelving scheme Damaged status Not for loan Collection code Home library Current library Shelving location Date acquired Total Checkouts Full call number Barcode Date last seen Price effective from Koha item type
    Library of Congress Classification     Main Collection ARRUPE LIBRARY ARRUPE LIBRARY Main Collection 16/04/2015   N350.G37 1990 46500002458 03/07/2018 16/04/2015 Monograph ( Printed materials)

 

Arrupe Library. PO Box MP320 Mt Pleasant, Harare, Zimbabwe
263 242 745411|librarian@aju.ac.zw